000 00526nam a2200217Ia 4500
003 OSt
005 20221005120949.0
006 a|||||r|||| 00| 0
007 ta
008 221004b |||||||| |||| 00| 0 mal d
024 _a55026
037 _cTextual
040 _aCRL
_cCRL
_bmal
041 _2mal
_amal
082 _aO32,1N01:g, K1
245 0 _aG.yum sahityavum
260 _c1961
650 _aMALAYALAM LITERATURE
_938866
942 _hO32,1N01:g, K1
_cTEXL
_2cc
999 _c1039689
_d1039689